000 00391nam a2200157Ia 4500
008 221220s9999 xx 000 0 und d
020 _a93-92140-15-0
041 _aEnglish
100 _aJ. N. Pandey
245 0 _aConstitutional Law of India 59th Ed
_cby J. N. Pandey
250 _a59th
260 _bCLA
_aAllahabad
_c2022
300 _a918
650 _aConstitution
942 _2DDC
_cBK
999 _c19394
_d19394